000 00555nam a2200205Ia 4500
005 20250923150035.0
008 008 250917s9999 xx 000 0 eng d
037 _aTextual
040 _aDSWL
_beng
_cDSWL
041 _aeng
_2eng
084 _qDSWL
100 _aMukhopadhyay, M
_9841558
245 0 _aLegally dispossessed : Gender , identity and the process of law
_c by M Mukhopadhyay
260 _aCalcutta
_b Stree India
_c1998
300 _a246p.
365 _aINR
_b180
925 _g180
942 _cTEXL
999 _c1458858
_d1458858